[Event "Vaujany Principal"]
[Site "?"]
[Date "2018.07.15"]
[Round "4.5"]
[White "Valles, Manuel"]
[Black "Terbe, Julianna"]
[Result "1-0"]
[WhiteElo "2388"]
[BlackElo "2238"]
[PlyCount "85"]
[EventDate "2018.??.??"]

1. d4 d5 2. Nf3 Nf6 3. c4 c6 4. Nbd2 Bf5 5. Nh4 Be6 6. e3 g6 7. Be2 Bg7 8. O-O
O-O 9. Nhf3 h6 10. b4 a5 11. b5 dxc4 12. bxc6 b5 13. a4 b4 14. Nxc4 Nxc6 15.
Bb2 Rc8 16. Ncd2 Nd5 17. Ne4 Nb6 18. Rc1 f5 19. Nc5 Bd5 20. Bb5 Nd7 21. Qe2
Nxc5 22. Rxc5 e6 23. Rfc1 Na7 24. Nd2 Rf7 25. Rxc8 Nxc8 26. e4 fxe4 27. Nxe4
Nd6 28. Nxd6 Qxd6 29. Bd3 Kh7 30. h4 Rf4 31. h5 Rh4 32. hxg6+ Kg8 33. Rc8+ Bf8
34. Qe5 Qxe5 35. dxe5 Rg4 36. g3 Bb7 37. Re8 h5 38. Rxe6 h4 39. Re8 hxg3 40. e6
gxf2+ 41. Kxf2 Rf4+ 42. Ke3 Rf3+ 43. Ke2 1-0

[Event "Vaujany Principal"]
[Site "?"]
[Date "2018.07.15"]
[Round "4.6"]
[White "Trabet, Nicolas"]
[Black "Ortiz Suarez, Isan Reynaldo"]
[Result "1/2-1/2"]
[WhiteElo "2190"]
[BlackElo "2548"]
[PlyCount "59"]
[EventDate "2018.??.??"]

1. e4 c5 2. Nf3 d6 3. d4 cxd4 4. Qxd4 Nc6 5. Bb5 a6 6. Bxc6+ bxc6 7. c4 e5 8.
Qd3 Be7 9. Nc3 Nf6 10. Bg5 O-O 11. O-O Nh5 12. Bxe7 Qxe7 13. Rad1 Rd8 14. c5
Nf4 15. cxd6 Qf6 16. Qe3 Bg4 17. Ne2 Ne6 18. Rd2 Rd7 19. Rc1 c5 20. Rd5 Bxf3
21. Qxf3 Qxf3 22. gxf3 f6 23. Nc3 Nf4 24. Rd2 Rad8 25. Nd5 Ne6 26. Nc7 Nd4 27.
Kg2 Rxd6 28. Rxc5 Kf7 29. Rd5 Rxd5 30. Nxd5 1/2-1/2

[Event "Vaujany Principal"]
[Site "?"]
[Date "2018.07.15"]
[Round "4.7"]
[White "Sundararajan, Kidambi"]
[Black "Bandet, Raphael"]
[Result "1-0"]
[WhiteElo "2425"]
[BlackElo "2160"]
[PlyCount "57"]
[EventDate "2018.??.??"]

1. d4 e6 2. c4 f5 3. g3 Nf6 4. Bg2 Be7 5. Nf3 O-O 6. O-O d6 7. b3 a5 8. Nc3 Ne4
9. Bb2 Nc6 10. d5 Bf6 11. Qc1 Nxc3 12. Bxc3 Nb4 13. dxe6 Bxe6 14. Nd4 Bc8 15.
Qd2 Qe8 16. Rac1 Nc6 17. Nxc6 Bxc3 18. Rxc3 bxc6 19. Re3 Qd7 20. Rd1 Bb7 21.
Qc3 f4 22. gxf4 Rxf4 23. Bh3 Qd8 24. c5 Qf8 25. f3 Re8 26. cxd6 cxd6 27. Rxe8
Qxe8 28. Rxd6 Qxe2 29. Be6+ 1-0

[Event "Vaujany Principal"]
[Site "?"]
[Date "2018.07.15"]
[Round "4.8"]
[White "Houard, Sebastien"]
[Black "Collas, Didier"]
[Result "0-1"]
[WhiteElo "2145"]
[BlackElo "2380"]
[PlyCount "131"]
[EventDate "2018.??.??"]

1. e4 e5 2. Bc4 Nf6 3. d3 c6 4. Nc3 d5 5. exd5 cxd5 6. Bb3 Bb4 7. Bd2 Nc6 8.
Nce2 Bxd2+ 9. Qxd2 O-O 10. Ng3 a5 11. c3 a4 12. Bd1 Re8 13. N1e2 a3 14. bxa3
Rxa3 15. O-O Qa5 16. Qb2 h5 17. h4 d4 18. Bb3 dxc3 19. Nxc3 Nd4 20. Nce4 Nxe4
21. Nxe4 Nxb3 22. axb3 Rxa1 23. Rxa1 Qd5 24. Ra8 Qxd3 25. Ng3 Qd1+ 26. Kh2 Qg4
27. Qc1 Qxh4+ 28. Kg1 Qg4 29. Nxh5 Bd7 30. Rxe8+ Bxe8 31. Ng3 Bc6 32. Qe1 f6
33. Qd2 Kf7 34. b4 Qd7 35. Qe2 Qd5 36. Qh5+ Kg8 37. Qh3 Qd1+ 38. Kh2 Bd7 39.
Qh4 Qg4 40. Qxg4 Bxg4 41. Ne4 Be6 42. Nc3 Kf7 43. Kg3 g5 44. Kf3 Bd7 45. Ke3
Bc6 46. g3 Ke6 47. Kd3 f5 48. Kc4 f4 49. gxf4 exf4 50. Ne2 Ke5 51. b5 Bg2 52.
Kc5 g4 53. Nd4 Bf1 54. b6 Bd3 55. Nc6+ Ke4 56. Nd8 Ba6 57. Ne6 g3 58. fxg3 fxg3
59. Ng5+ Ke3 60. Kd6 Bb5 61. Kc7 Bc6 62. Nh3 g2 63. Kb8 Ke2 64. Nf4+ Kf2 65.
Nd3+ Kf1 66. Ne5 0-1

[Event "Vaujany Principal"]
[Site "?"]
[Date "2018.07.15"]
[Round "4.9"]
[White "Chauvet, Vincent"]
[Black "Dudognon, Thibault"]
[Result "1/2-1/2"]
[WhiteElo "2105"]
[BlackElo "2316"]
[PlyCount "140"]
[EventDate "2018.??.??"]

1. Nf3 d5 2. g3 g6 3. Bg2 Bg7 4. O-O e5 5. d3 Ne7 6. Nbd2 O-O 7. e4 Nbc6 8. c3
dxe4 9. dxe4 b6 10. Re1 f6 11. Qb3+ Kh8 12. Nf1 Na5 13. Qc2 Be6 14. b3 Qe8 15.
Ba3 Qf7 16. Ne3 Rfd8 17. c4 c6 18. Rad1 Bh6 19. Rxd8+ Rxd8 20. Rd1 Qe8 21. Rd3
Bxe3 22. fxe3 c5 23. Bb2 Nac6 24. a3 Rxd3 25. Qxd3 Qd7 26. Qf1 Kg7 27. h3 Qd6
28. g4 g5 29. Bc3 a5 30. Qb1 Ng6 31. Bf1 Qd7 32. Nh2 Nh4 33. Be2 h6 34. Kf2 Kf8
35. Nf1 h5 36. Nh2 hxg4 37. hxg4 Ng6 38. Kg3 Qc7 39. Qf1 Kg7 40. a4 Nd4 41. Bd1
Bd7 42. Kf2 Bc6 43. Qh1 Ne6 44. Nf1 Nh4 45. Ng3 Nd8 46. Bc2 Qd7 47. Qd1 Nf7 48.
Nf5+ Kf8 49. Qe2 Nd6 50. Ng3 Qh7 51. Qd2 Ke7 52. Bxa5 bxa5 53. Qxa5 Ng6 54.
Qc7+ Bd7 55. Nh5 Nf8 56. a5 Ne6 57. Qxd7+ Kxd7 58. Nxf6+ Ke7 59. Nxh7 Kf7 60.
b4 cxb4 61. c5 Nxc5 62. Nxg5+ Kf6 63. Nf3 b3 64. Bxb3 Nxb3 65. a6 Nc8 66. g5+
Ke6 67. g6 Nc5 68. g7 Kf7 69. Nxe5+ Kxg7 70. Nc6 Nxa6 1/2-1/2

[Event "Vaujany Principal"]
[Site "?"]
[Date "2018.07.15"]
[Round "4.10"]
[White "Kulkarni, Bhakti"]
[Black "Kaloczi, Kristof"]
[Result "1-0"]
[WhiteElo "2285"]
[BlackElo "2029"]
[PlyCount "83"]
[EventDate "2018.??.??"]

1. d4 b5 2. e4 Bb7 3. f3 a6 4. a4 b4 5. c4 e6 6. Bd3 c5 7. d5 exd5 8. cxd5 g6
9. Nd2 d6 10. Nc4 a5 11. Bf4 Ba6 12. Ne2 Bxc4 13. Bxc4 Bg7 14. Bb5+ Kf8 15. Qc2
Ne7 16. O-O Kg8 17. Rad1 h6 18. Nc1 Nc8 19. Rfe1 Nd7 20. Bxd7 Qxd7 21. e5 dxe5
22. Bxe5 Nb6 23. d6 c4 24. Bxg7 Kxg7 25. Qf2 Nc8 26. Qd4+ f6 27. Qxc4 Nxd6 28.
Qd4 Rhd8 29. Nb3 Qa7 30. Nc5 Kh7 31. Ne6 Qxd4+ 32. Rxd4 Rd7 33. Red1 Rc8 34.
Rxd6 Rxd6 35. Rxd6 Rc1+ 36. Kf2 Rc2+ 37. Kg3 Rxb2 38. Rd5 Ra2 39. Rxa5 b3 40.
Ra7+ Kh8 41. Nc5 b2 42. Rb7 1-0

[Event "Vaujany Principal"]
[Site "?"]
[Date "2018.07.15"]
[Round "4.11"]
[White "Collas, Silvia"]
[Black "Frantz, Nicolas"]
[Result "1-0"]
[WhiteElo "2266"]
[BlackElo "2080"]
[PlyCount "75"]
[EventDate "2018.??.??"]

1. c4 e5 2. Nc3 Bb4 3. g3 Bxc3 4. bxc3 Nc6 5. Bg2 d6 6. d3 Nge7 7. Rb1 Rb8 8.
f4 Be6 9. Nf3 O-O 10. O-O h6 11. a4 f5 12. Qc2 Ng6 13. Bd2 Nce7 14. c5 exf4 15.
Nd4 Bf7 16. cxd6 Qxd6 17. gxf4 c6 18. Rf2 a6 19. e4 fxe4 20. dxe4 c5 21. e5 Qc7
22. Ne2 Be6 23. Ng3 Nh4 24. Be4 Nhf5 25. Nh5 Kh8 26. Rg2 b5 27. axb5 axb5 28.
Kh1 Qd7 29. Rbg1 Rf7 30. Bc1 b4 31. cxb4 cxb4 32. Qe2 b3 33. Bb2 Rb4 34. Nf6
gxf6 35. exf6 Rxe4 36. Qxe4 Nc6 37. Rg8+ Kh7 38. R1g7+ 1-0

[Event "Vaujany Principal"]
[Site "?"]
[Date "2018.07.15"]
[Round "4.13"]
[White "Skomorokhin, Roman"]
[Black "Fodor, Balazs"]
[Result "0-1"]
[WhiteElo "2371"]
[BlackElo "2147"]
[PlyCount "146"]
[EventDate "2018.??.??"]

1. d4 d5 2. Nf3 Nf6 3. c4 c6 4. Nc3 e6 5. Qd3 Nbd7 6. g3 Bd6 7. Bg2 O-O 8. O-O
dxc4 9. Qxc4 e5 10. Rd1 Qc7 11. Bg5 h6 12. Be3 Ng4 13. Bd2 Re8 14. e4 exd4 15.
Nxd4 Nde5 16. Qe2 Bc5 17. Be1 Rd8 18. Nb3 Bb6 19. Rxd8+ Qxd8 20. Rd1 Qg5 21. h3
Nf6 22. Nd4 Ng6 23. f4 Qc5 24. e5 Nd5 25. Nxd5 cxd5 26. Kh2 Ne7 27. Bc3 Be6 28.
g4 g6 29. Qf1 Qc8 30. Qf3 Bxd4 31. Bxd4 Qc2 32. Qd3 Qxd3 33. Rxd3 a6 34. Rg3
Kf8 35. Rb3 b5 36. a4 bxa4 37. Rb7 Rc8 38. Bf1 Rc2+ 39. Kg3 Nc6 40. Bf2 Na5 41.
Rb8+ Rc8 42. Rb4 Nc4 43. Bd4 Nd2 44. Bxa6 Ne4+ 45. Kf3 Rc2 46. Rb8+ Ke7 47. Bb5
Rc8 48. Rxc8 Bxc8 49. Bxa4 h5 50. Bd1 hxg4+ 51. hxg4 Be6 52. b4 Kd7 53. Ke3 Kc7
54. b5 Kb7 55. b6 Ng3 56. Bb3 Kc6 57. Ba2 Nf1+ 58. Ke2 Ng3+ 59. Kf3 Ne4 60. f5
gxf5 61. gxf5 Bc8 62. Kf4 Nd2 63. Kg5 Nf3+ 64. Kf6 Nxd4 65. Kxf7 Nxf5 66. e6
Nd6+ 67. Kf6 d4 68. Bb1 Kxb6 69. Ke5 Kc5 70. Bg6 Ba6 71. e7 Bb5 72. Kf4 Kc4 73.
Ke5 Ne8 0-1

[Event "Vaujany Principal"]
[Site "?"]
[Date "2018.07.15"]
[Round "4.14"]
[White "Meunier, Clement"]
[Black "Michalowski, Peter"]
[Result "1-0"]
[WhiteElo "2322"]
[BlackElo "2104"]
[PlyCount "75"]
[EventDate "2018.??.??"]

1. e4 c5 2. Nf3 d6 3. d4 cxd4 4. Nxd4 Nf6 5. Nc3 a6 6. Bg5 e6 7. f4 Nbd7 8. Qf3
Qc7 9. O-O-O b5 10. e5 Bb7 11. Qh3 dxe5 12. Nxe6 fxe6 13. Qxe6+ Be7 14. Nxb5
axb5 15. Bxb5 Bd5 16. Rxd5 Nxd5 17. Rd1 O-O-O 18. Rxd5 Bxg5 19. fxg5 Rhf8 20.
b4 Kb8 21. Bxd7 Rf2 22. Rc5 Rxd7 23. Rxc7 Kxc7 24. Qxe5+ Kd8 25. b5 Rxg2 26. b6
Rg1+ 27. Kb2 Rg4 28. Kb3 Rgd4 29. c4 Rd3+ 30. Kb4 Rd2 31. a4 Rd1 32. a5 Rb1+
33. Kc5 Re7 34. Qd6+ Ke8 35. a6 Rd7 36. Qe6+ Re7 37. Qc8+ Kf7 38. Qf5+ 1-0

[Event "Vaujany Principal"]
[Site "?"]
[Date "2018.07.15"]
[Round "4.17"]
[White "Terbe, Zsuzsanna"]
[Black "Bat, Bilguun"]
[Result "1-0"]
[WhiteElo "2178"]
[BlackElo "1929"]
[PlyCount "41"]
[EventDate "2018.??.??"]

1. d4 Nf6 2. Bf4 e6 3. e3 c5 4. Nf3 d5 5. c3 Be7 6. h3 O-O 7. Nbd2 Nc6 8. Bd3
a6 9. O-O c4 10. Bc2 b5 11. e4 dxe4 12. Nxe4 Bb7 13. Qe2 h6 14. Nxf6+ Bxf6 15.
Qe4 Re8 16. Ne5 Rc8 17. Rad1 Kf8 18. Qh7 Ne7 19. Bxh6 Ng8 20. Bf4 Bg5 21. Qh5
1-0

[Event "Vaujany Principal"]
[Site "?"]
[Date "2018.07.15"]
[Round "4.18"]
[White "Berta, Sandor"]
[Black "Lux, Hogo De Melo"]
[Result "0-1"]
[WhiteElo "2083"]
[BlackElo "2154"]
[PlyCount "58"]
[EventDate "2018.??.??"]

1. d4 Nf6 2. Bf4 e6 3. e3 c5 4. Nf3 Qb6 5. Na3 cxd4 6. Nb5 Nd5 7. Qxd4 Qxd4 8.
Nfxd4 Nxf4 9. Nc7+ Kd8 10. Nxa8 Ng6 11. g3 b6 12. Bg2 d5 13. O-O-O Bb7 14. Nxb6
axb6 15. c4 Nd7 16. cxd5 exd5 17. Nf5 Nf6 18. e4 Ng4 19. Rd2 Bb4 20. Rc2 N6e5
21. Rd1 Bc5 22. Nd4 Ba6 23. Nb3 Nd3+ 24. Kb1 Ngxf2 25. Nxc5 bxc5 26. Rf1 dxe4
27. Rfxf2 Nxf2 28. Rxf2 e3 29. Rf5 Bd3+ 0-1

[Event "Vaujany Principal"]
[Site "?"]
[Date "2018.07.15"]
[Round "4.21"]
[White "Sabatier, Mathis"]
[Black "Laronche, Thomas"]
[Result "1/2-1/2"]
[WhiteElo "1938"]
[BlackElo "2164"]
[PlyCount "64"]
[EventDate "2018.??.??"]

1. d4 d5 2. c4 c6 3. cxd5 cxd5 4. Nc3 Nc6 5. Nf3 Nf6 6. Bf4 Bf5 7. e3 e6 8. Bd3
Bxd3 9. Qxd3 Bd6 10. Bxd6 Qxd6 11. O-O O-O 12. h3 h6 13. a3 a6 14. b4 b5 15.
Rac1 Rac8 16. Rc2 Rc7 17. Rfc1 Rfc8 18. Ne2 Ne7 19. Rxc7 Rxc7 20. Rxc7 Qxc7 21.
Qc3 Qxc3 22. Nxc3 Nc6 23. Ne5 Ne4 24. Nxc6 Nxc3 25. Nb8 Nb1 26. Nxa6 Nxa3 27.
Nc7 Nc2 28. Nxb5 Nxb4 29. Nc3 Nc6 30. Kf1 Kf8 31. Ke2 Ke7 32. Kf3 Kf6 1/2-1/2

[Event "Vaujany Principal"]
[Site "?"]
[Date "2018.07.16"]
[Round "5.1"]
[White "Valles, Manuel"]
[Black "Joie, Sebastien"]
[Result "1/2-1/2"]
[WhiteElo "2388"]
[BlackElo "2399"]
[PlyCount "63"]
[EventDate "2018.??.??"]

1. Nf3 Nf6 2. c4 c6 3. d4 d5 4. Nc3 e6 5. Bg5 dxc4 6. e4 b5 7. e5 h6 8. Bh4 g5
9. Nxg5 hxg5 10. Bxg5 Nbd7 11. g3 Bb7 12. Bg2 Qb6 13. exf6 O-O-O 14. O-O c5 15.
d5 b4 16. Na4 Qb5 17. a3 Nb8 18. axb4 cxb4 19. Qg4 Bxd5 20. Rfc1 Nc6 21. Bxd5
Rxd5 22. Rxc4 Rxg5 23. Qe4 Bc5 24. b3 Kb7 25. Rac1 Bxf2+ 26. Kxf2 Rxh2+ 27. Kg1
Rh3 28. Qxc6+ Qxc6 29. Rxc6 Rgxg3+ 30. Kf2 Rf3+ 31. Ke2 Re3+ 32. Kf2 1/2-1/2

[Event "Vaujany Principal"]
[Site "?"]
[Date "2018.07.16"]
[Round "5.2"]
[White "Collas, Didier"]
[Black "Antal, Gergely"]
[Result "0-1"]
[WhiteElo "2380"]
[BlackElo "2542"]
[PlyCount "182"]
[EventDate "2018.??.??"]

1. e4 c5 2. Nf3 e6 3. d4 cxd4 4. Nxd4 Nc6 5. Nc3 Qc7 6. Be3 a6 7. Qf3 Bd6 8.
O-O-O Be5 9. Qe2 Nge7 10. Qd2 b5 11. Nxc6 Qxc6 12. Bd4 Bxd4 13. Qxd4 f6 14. Be2
O-O 15. Qd6 Qxd6 16. Rxd6 Kf7 17. f4 Nc6 18. Rhd1 Ke7 19. a3 Ra7 20. R6d2 Na5
21. Rd6 Rc7 22. Rb6 Rc6 23. Rxc6 Nxc6 24. Kd2 g5 25. Ke3 gxf4+ 26. Kxf4 Bb7 27.
Nb1 e5+ 28. Ke3 Nd4 29. Bd3 f5 30. Nd2 f4+ 31. Kf2 Ne6 32. c3 d6 33. Bc2 a5 34.
Nb3 Ra8 35. Ra1 Bc6 36. Nd2 Nc5 37. Kf3 h6 38. g3 Rf8 39. b4 Ne6 40. bxa5 fxg3+
41. Kxg3 Nc5 42. Re1 Ra8 43. c4 Rxa5 44. Re3 Ra8 45. cxb5 Bxb5 46. Kf2 Ne6 47.
Bd3 Rf8+ 48. Ke1 Bc6 49. Bc4 Nc5 50. Bd3 Nxd3+ 51. Rxd3 Rf4 52. Re3 Rh4 53. Re2
Rh3 54. Nf1 Rxa3 55. Ng3 Ra4 56. Kf2 Ke6 57. Kf3 Rc4 58. Re3 d5 59. exd5+ Bxd5+
60. Kf2 Rh4 61. Kg1 Ra4 62. Kf2 e4 63. Nf1 Ra2+ 64. Kg1 Ke5 65. Rh3 Kd4 66. Ne3
Ba8 67. Nf5+ Ke5 68. Ne3 Kf4 69. Ng2+ Kg5 70. Rg3+ Kf5 71. Ne3+ Kf4 72. Ng2+
Ke5 73. Rh3 Kd4 74. Ne3 Bb7 75. Nf5+ Ke5 76. Ne3 Kf4 77. Ng2+ Ke5 78. Rg3 Kf5
79. Ne3+ Kf4 80. Ng2+ Ke5 81. Rh3 Kd4 82. Ne3 Bc8 83. Rg3 h5 84. Ng2 Bg4 85. h3
Bf3 86. Nf4 Ke5 87. Nxh5 Kf5 88. Ng7+ Kf4 89. Rxf3+ Kxf3 90. Nf5 Ra1+ 91. Kh2
e3 0-1

[Event "Vaujany Principal"]
[Site "?"]
[Date "2018.07.16"]
[Round "5.3"]
[White "Horvath, Jozsef"]
[Black "Kulkarni, Bhakti"]
[Result "1-0"]
[WhiteElo "2504"]
[BlackElo "2288"]
[PlyCount "71"]
[EventDate "2018.??.??"]

1. Nf3 d5 2. g3 c6 3. Bg2 Nf6 4. O-O Bg4 5. d4 Nbd7 6. Nbd2 e6 7. Re1 Be7 8. e4
O-O 9. c3 Bh5 10. h4 a5 11. e5 Ne8 12. Nf1 h6 13. Bf4 b5 14. N1h2 c5 15. g4 Bg6
16. g5 hxg5 17. Nxg5 b4 18. Re3 bxc3 19. bxc3 cxd4 20. cxd4 Rc8 21. Rg3 Qb6 22.
Ng4 Qb2 23. Bf1 Rc3 24. Ne3 Nc7 25. h5 Bxg5 26. Bxg5 Be4 27. Bh6 g6 28. hxg6
Bxg6 29. Rb1 Qxa2 30. Bd3 Kh7 31. Bxg6+ fxg6 32. Bxf8 Nxf8 33. Rc1 Nb5 34. Rb1
Nc7 35. Rb8 Qa3 36. Qf3 1-0

[Event "Vaujany Principal"]
[Site "?"]
[Date "2018.07.16"]
[Round "5.4"]
[White "Paul"]
[Black "Womacka"]
[Result "1/2-1/2"]
[WhiteElo "2315"]
[BlackElo "2444"]
[PlyCount "83"]
[EventDate "2018.??.??"]

1. d4 Nf6 2. c4 e6 3. Nf3 Bb4+ 4. Nbd2 O-O 5. a3 Be7 6. e4 d5 7. e5 Nfd7 8. Bd3
c5 9. h4 g6 10. h5 cxd4 11. Qc2 Nc5 12. cxd5 exd5 13. Nxd4 Nc6 14. N2f3 Nxd4
15. Nxd4 Qc7 16. Bf4 Bd7 17. O-O Rac8 18. hxg6 fxg6 19. Bh6 Qxe5 20. Bxf8 Bxf8
21. Nf3 Qh5 22. Rac1 Bd6 23. Rfd1 Bg4 24. Bxg6 Qxg6 25. Qxg6+ hxg6 26. Rxd5 Bf8
27. Rg5 Bxf3 28. gxf3 Kf7 29. b4 Rd8 30. Rgxc5 Bxc5 31. Rxc5 Rd1+ 32. Kg2 Ra1
33. Rc3 Kf6 34. f4 Kf5 35. Kf3 b6 36. Rd3 Ra2 37. Rd5+ Ke6 38. Rd3 Kf5 39. Re3
Ra1 40. Kg3 Rg1+ 41. Kf3 Ra1 42. Rd3 1/2-1/2

[Event "Vaujany Principal"]
[Site "?"]
[Date "2018.07.16"]
[Round "5.5"]
[White "Godart, F."]
[Black "Collas, Silvia"]
[Result "1-0"]
[WhiteElo "2427"]
[BlackElo "2266"]
[PlyCount "153"]
[EventDate "2018.??.??"]

1. d4 Nf6 2. c4 e6 3. g3 d5 4. Bg2 dxc4 5. Nf3 Nc6 6. Qa4 Bb4+ 7. Bd2 Bd6 8.
Ne5 Bd7 9. Nxd7 Nxd7 10. Qxc4 O-O 11. O-O Nb6 12. Qd3 e5 13. Bxc6 bxc6 14. Bc3
exd4 15. Qxd4 f6 16. Nd2 Re8 17. e3 Qe7 18. Nf3 c5 19. Qg4 Rab8 20. Rfd1 Qe4
21. Qxe4 Rxe4 22. Rac1 Ra4 23. Ra1 Kf7 24. b3 Ra3 25. Nd2 c4 26. Ne4 cxb3 27.
axb3 Rxa1 28. Nxd6+ cxd6 29. Rxa1 Nc8 30. Ra3 Rb7 31. Bd4 Ke6 32. Kf1 Kf5 33.
h3 Ke6 34. Ke2 f5 35. Kd3 Rc7 36. b4 g6 37. b5 Kd5 38. f3 Re7 39. Ra6 Nb6 40.
Bxb6 axb6 41. Rxb6 Kc5 42. Rc6+ Kxb5 43. Rxd6 Kc5 44. Rd8 Ra7 45. g4 Ra1 46.
Rh8 Ra3+ 47. Ke2 Ra2+ 48. Kf1 f4 49. exf4 Kd4 50. Re8 Kd3 51. Re7 Rb2 52. Kg1
Kd4 53. h4 Kd3 54. f5 gxf5 55. gxf5 Rb5 56. Kf2 Rxf5 57. Rxh7 Kd4 58. Re7 Rf8
59. h5 Rh8 60. Re4+ Kd5 61. Rh4 Ke5 62. h6 Rh7 63. Kg3 Kf5 64. Rh5+ Kg6 65. Kg4
Kf6 66. f4 Kg6 67. f5+ Kf6 68. Rh1 Kf7 69. Kg5 Kg8 70. Re1 Ra7 71. f6 Ra2 72.
Re8+ Kh7 73. Re7+ Kg8 74. h7+ Kh8 75. Re8+ Kxh7 76. f7 Rg2+ 77. Kh4 1-0

[Event "Vaujany Principal"]
[Site "?"]
[Date "2018.07.16"]
[Round "5.7"]
[White "Konguvel, P.."]
[Black "Szabo, Balazs"]
[Result "1-0"]
[WhiteElo "2340"]
[BlackElo "2229"]
[PlyCount "87"]
[EventDate "2018.??.??"]

1. e4 e5 2. Nf3 Nc6 3. Bb5 a6 4. Ba4 Nf6 5. O-O Bc5 6. c3 O-O 7. d4 Ba7 8. Bg5
h6 9. Bh4 exd4 10. e5 g5 11. Bxc6 dxc3 12. Nxc3 dxc6 13. Qxd8 Rxd8 14. Nxg5 Nd5
15. Nge4 Nxc3 16. bxc3 Rd3 17. Rad1 Rxd1 18. Rxd1 Be6 19. a3 b5 20. Be7 Bf5 21.
Nf6+ Kg7 22. g4 Be6 23. Kg2 a5 24. f4 c5 25. f5 Bb3 26. Rd3 b4 27. cxb4 c4 28.
Rh3 Bc2 29. Rc3 Bd3 30. Bc5 Bxc5 31. bxc5 Rb8 32. Nh5+ Kf8 33. Nf4 Rb2+ 34. Kf3
Bf1 35. Rc1 Rb3+ 36. Ke4 Bd3+ 37. Nxd3 cxd3 38. Rd1 Rc3 39. Rxd3 Rxc5 40. f6
Ke8 41. Rd5 Rc4+ 42. Kf5 Ra4 43. Rd3 h5 44. g5 1-0

[Event "Vaujany Principal"]
[Site "?"]
[Date "2018.07.16"]
[Round "5.8"]
[White "Ortiz Suarez, Isan Reynaldo"]
[Black "Gaborit, Jean Pierre"]
[Result "1-0"]
[WhiteElo "2548"]
[BlackElo "2186"]
[PlyCount "133"]
[EventDate "2018.??.??"]

1. Nf3 Nf6 2. c4 c6 3. g3 g6 4. Bg2 Bg7 5. O-O O-O 6. d4 d5 7. Nbd2 Bf5 8. b3
a5 9. Bb2 a4 10. e3 Qa5 11. Rc1 Ne4 12. Nxe4 Bxe4 13. Bh3 Bxf3 14. Qxf3 Qd2 15.
Rb1 e6 16. Rfc1 axb3 17. axb3 Na6 18. Bc3 Qd3 19. Bf1 Qf5 20. Qxf5 gxf5 21. Ba5
Rfc8 22. b4 dxc4 23. Bxc4 Nb8 24. Bb6 Nd7 25. Bc5 b5 26. Bf1 Nxc5 27. Rxc5 Bf8
28. Rc2 Ra4 29. Bxb5 Rxb4 30. Rxb4 Bxb4 31. Bxc6 Be7 32. Kg2 Bf6 33. Kf3 Kf8
34. Kf4 Ke7 35. d5 exd5 36. Kxf5 Bg7 37. Ba4 Rxc2 38. Bxc2 h6 39. Bb3 d4 40. e4
d3 41. e5 d2 42. f4 Bf8 43. h4 Bg7 44. h5 Bf8 45. g4 Bg7 46. Ba4 Bh8 47. Bd1
Bg7 48. Bb3 Bh8 49. Ke4 Bg7 50. Kf5 Bh8 51. Bd1 Bg7 52. g5 hxg5 53. Kxg5 Kf8
54. h6 Bh8 55. Bb3 Ke7 56. Kf5 Kf8 57. Ke4 Ke7 58. f5 Kf8 59. f6 Kg8 60. Kf4
Kh7 61. Kg5 Kg8 62. Bc2 Kf8 63. Kf4 Kg8 64. h7+ Kf8 65. Ke3 Ke8 66. Kxd2 Kd7
67. Bb3 1-0

[Event "Vaujany Principal"]
[Site "?"]
[Date "2018.07.16"]
[Round "5.9"]
[White "Lux, Hugo De Melo"]
[Black "Meunier, Clement"]
[Result "0-1"]
[WhiteElo "2154"]
[BlackElo "2322"]
[PlyCount "38"]
[EventDate "2018.??.??"]

1. e4 e5 2. Nf3 Nc6 3. d4 exd4 4. Nxd4 Bc5 5. Nb3 Bb6 6. Nc3 Nf6 7. Qe2 a5 8.
a4 O-O 9. Bg5 h6 10. h4 Nd4 11. Qd3 Nxb3 12. cxb3 hxg5 13. hxg5 Bxf2+ 14. Kd1
d5 15. exd5 g6 16. gxf6 Qxf6 17. Qd2 Re8 18. Bd3 Be3 19. Qe1 Bf5 0-1

[Event "Vaujany Principal"]
[Site "?"]
[Date "2018.07.16"]
[Round "5.10"]
[White "Dudognon, Thibault"]
[Black "Terbe, Zsuzanna"]
[Result "1-0"]
[WhiteElo "2316"]
[BlackElo "2178"]
[PlyCount "55"]
[EventDate "2018.??.??"]

1. d4 d5 2. c4 c6 3. Nf3 Nf6 4. e3 g6 5. Nc3 Bg7 6. Be2 O-O 7. O-O Be6 8. b3
Ne4 9. Nxe4 dxe4 10. Ng5 Bf5 11. g4 e5 12. h4 exd4 13. gxf5 d3 14. Ba3 Bxa1 15.
Bxf8 Qxf8 16. Bxd3 exd3 17. Qxa1 Na6 18. Qc3 Rd8 19. Rd1 Nc5 20. b4 h6 21. bxc5
hxg5 22. Qf6 gxh4 23. Qxh4 Rd7 24. Qg4 Qxc5 25. fxg6 f5 26. Qh4 Qd6 27. Qh5 Qe6
28. Rxd3 1-0

[Event "Vaujany Principal"]
[Site "?"]
[Date "2018.07.16"]
[Round "5.11"]
[White "Terbe, Julianna"]
[Black "Chauvet, Vincent"]
[Result "1-0"]
[WhiteElo "2238"]
[BlackElo "2105"]
[PlyCount "109"]
[EventDate "2018.??.??"]

1. e4 e5 2. Nf3 Nc6 3. Bc4 Nf6 4. d3 h6 5. O-O d6 6. c3 Qe7 7. a4 g5 8. Re1 Bg7
9. Na3 O-O 10. b4 a6 11. Nc2 Nd7 12. Ne3 Nb6 13. Bb3 a5 14. b5 Nb8 15. Bb2 Kh8
16. d4 g4 17. Nd2 Qg5 18. Ndf1 N8d7 19. Nf5 Qg6 20. N1e3 h5 21. Nxg7 Qxg7 22.
Nf5 Qh7 23. f3 Nf6 24. dxe5 Bxf5 25. exf6 Bd7 26. e5 d5 27. f4 Bf5 28. Qd4 Rad8
29. Rad1 Qg6 30. Ba3 Rg8 31. Bc5 Nc4 32. Bxc4 dxc4 33. Qxd8 Rxd8 34. Rxd8+ Kh7
35. Bf8 Bb1 36. e6 g3 37. hxg3 Qxg3 38. Rxb1 Qe3+ 39. Kh1 Qxe6 40. Be7 h4 41.
Rf1 h3 42. Rf3 hxg2+ 43. Kxg2 Qe2+ 44. Kg3 Qe1+ 45. Kg4 Qe2 46. Bf8 Kg6 47. Bg7
Qg2+ 48. Rg3 Qe2+ 49. Kh4+ Kf5 50. Rg5+ Kxf4 51. Rd4+ Kf3 52. Rg3+ Kf2 53. Bh6
Qe5 54. Be3+ Kf1 55. Rd1+ 1-0

[Event "Vaujany Principal"]
[Site "?"]
[Date "2018.07.16"]
[Round "5.12"]
[White "Fodor, Balazs"]
[Black "Trabet, Nicolas"]
[Result "0-1"]
[WhiteElo "2147"]
[BlackElo "2190"]
[PlyCount "48"]
[EventDate "2018.??.??"]

1. d4 Nf6 2. Nf3 c5 3. c4 cxd4 4. Nxd4 b6 5. Nc3 Bb7 6. Nf3 e6 7. a3 Be7 8. g3
O-O 9. Bg2 Qc8 10. Qd3 Ba6 11. Nb5 d5 12. cxd5 Nxd5 13. O-O Rd8 14. Qb3 Nd7 15.
Bf4 Nc5 16. Qc4 Qd7 17. Nfd4 Rac8 18. a4 Bf6 19. Rad1 Bxd4 20. Qxd4 Nxf4 21.
Qxf4 Qxd1 22. Rxd1 Rxd1+ 23. Bf1 Bxb5 24. axb5 Nd7 0-1

[Event "Vaujany Principal"]
[Site "?"]
[Date "2018.07.16"]
[Round "5.13"]
[White "Khachatryan, Samvel S"]
[Black "Abbas, Daniel"]
[Result "1/2-1/2"]
[WhiteElo "2091"]
[BlackElo "2299"]
[PlyCount "67"]
[EventDate "2018.??.??"]

1. e4 c5 2. Nf3 e6 3. d4 cxd4 4. Nxd4 a6 5. Bd3 Nf6 6. O-O Qc7 7. Qe2 d6 8. f4
Nbd7 9. c4 g6 10. f5 gxf5 11. exf5 e5 12. Ne6 fxe6 13. fxe6 Bg7 14. exd7+ Bxd7
15. Bg5 O-O 16. Nc3 Bc6 17. Bxf6 Rxf6 18. Rxf6 Bxf6 19. Qg4+ Kh8 20. Ne4 Bxe4
21. Qxe4 Rf8 22. Rf1 Rf7 23. Kh1 Bg5 24. Rxf7 Qxf7 25. Qf5 Qxf5 26. Bxf5 b5 27.
b3 bxc4 28. bxc4 h5 29. Kg1 Kg7 30. Kf2 Kf6 31. Be4 h4 32. Kf3 Bf4 33. h3 a5
34. Bc6 1/2-1/2

[Event "Vaujany Principal"]
[Site "?"]
[Date "2018.07.16"]
[Round "5.14"]
[White "Bandet, Raphael"]
[Black "Skomorokhina, Tatyana"]
[Result "1-0"]
[WhiteElo "2160"]
[BlackElo "2112"]
[PlyCount "39"]
[EventDate "2018.??.??"]

1. d4 Nf6 2. Bf4 c5 3. d5 d6 4. Nc3 g6 5. e4 Bg7 6. Nf3 O-O 7. Bd3 Na6 8. O-O
Nc7 9. Re1 a6 10. a4 b6 11. Qd2 Bb7 12. Bc4 Rb8 13. h3 Ba8 14. Qd3 Qc8 15. e5
dxe5 16. Rxe5 Nh5 17. Rxh5 gxh5 18. Ng5 f5 19. d6+ Nd5 20. dxe7 1-0

[Event "Vaujany Principal"]
[Site "?"]
[Date "2018.07.16"]
[Round "5.15"]
[White "Frantz, Nicolas"]
[Black "Schaefer, Reyk"]
[Result "1/2-1/2"]
[WhiteElo "2080"]
[BlackElo "2153"]
[PlyCount "135"]
[EventDate "2018.??.??"]

1. e4 c6 2. d4 d5 3. Nd2 dxe4 4. Nxe4 Bf5 5. Ng3 Bg6 6. N1e2 e6 7. Nf4 Bd6 8.
c3 Nf6 9. h4 Qc7 10. Qf3 Nbd7 11. h5 Bc2 12. Bd3 Bxd3 13. Nxd3 h6 14. Bf4 Bxf4
15. Qxf4 Qxf4 16. Nxf4 O-O-O 17. Nd3 Rhe8 18. O-O-O Nb6 19. Ne5 Re7 20. Rde1
Rd5 21. f4 c5 22. dxc5 Rxc5 23. Ne2 Nbd7 24. Nd4 Nxe5 25. Rxe5 Nd7 26. Rxc5+
Nxc5 27. Kc2 Kd8 28. Re1 Nd7 29. b3 Nf6 30. Re5 Rd7 31. Ne2 Ng4 32. Re4 Rd5 33.
Ng3 Nf6 34. Re3 Nxh5 35. c4 Ra5 36. b4 Rxa2+ 37. Kb3 Rxg2 38. Nxh5 g6 39. Nf6
h5 40. c5 h4 41. Ne4 Kd7 42. Kc4 Rg4 43. Rf3 a6 44. Kd4 h3 45. Rxh3 Rxf4 46.
Rh7 Kc6 47. Ke3 Rf1 48. Ng5 Kb5 49. Nxf7 Kxb4 50. Nd8 Kxc5 51. Nxb7+ Kb5 52.
Rg7 Rg1 53. Re7 Re1+ 54. Kd2 Re5 55. Kc3 a5 56. Nd8 Kc5 57. Rxe6 Rxe6 58. Nxe6+
Kd6 59. Nf4 g5 60. Ne2 g4 61. Kb3 Ke5 62. Ng3 Kf4 63. Nh5+ Kg5 64. Ng3 Kf4 65.
Nh5+ Kf3 66. Ka4 g3 67. Nxg3 Kxg3 68. Kxa5 1/2-1/2